000 00289nam a22001337a 4500
008 170727b xxu||||| |||| 00| 0 eng d
020 _a9780071496643
041 _aeng
080 _a004
100 _a31
101 _aSHK
245 _aORACLE STREAMS 11G
_cDESHPANDE,K
942 _2udc
_cBK
999 _c21976
_d21976